Green Day or Fall Out Boy? Sudden Death. - Statistics

General Stats
  • This quiz has been taken 353 times
  • The average score is 8 of 9
Answers on the Grid
Answers color-coded by a green-red scale on the quiz's grid according to % correct below.
The American Dream is Killing Me
Sugar, We're Going Down
When I Come Around
Dance, Dance
I Don't Care
Boulevard of Broken Dreams
Basket Case
This Ain't a Scene, It's an Arms Race
America's Suitehearts
American Idiot
What a Catch, Donnie
21 Guns
Bang Bang
Look, Ma, No Brains!
Thnks Fr Th Mmrs
Dilemma
 
Answer Stats
Answer % Correct
American Idiot
92%
Boulevard of Broken Dreams
92%
When I Come Around
92%
Basket Case
91%
21 Guns
87%
The American Dream is Killing Me
82%
Dilemma
78%
Look, Ma, No Brains!
77%
Bang Bang
73%
No matching quizzes found
Score Distribution
Percent of People with Each Score
Percentile by Number Answered
Your Score History
You have not taken this quiz